| 000 | 04778nam0a2200517 i 4500 | ||
|---|---|---|---|
| 001 | RU\NLR\BIBL_A\011388173 | ||
| 005 | 20260408084358.0 | ||
| 021 |
_aRU _b2017-23388 _91730 |
||
| 029 | 1 | 0 |
_aRU _b12.4.026-2015 _cГОСТ |
| 035 | _a(RuMoRGB)008842023 | ||
| 035 | _a(NLR Aleph) 011388173 | ||
| 090 |
_a11439730 _c11439730 |
||
| 100 | _a20170519d2017 km y0rusy50 ca | ||
| 101 | 0 | _arus | |
| 102 | _aRU | ||
| 105 | _aa|||l|||000zy | ||
| 200 | 1 |
_aСистема стандартов безопасности труда _iЦвета сигнальные, знаки безопасности и разметка сигнальная _eназначение и правила применения. Общие технические требования и характеристики. Методы испытаний _dОccupational safety standards system. Safety colours, safety signs and signal marking. Purpose and rules of application. General technical requirements and characteristics. Tests methods _zeng _eГОСТ 12.4.026-2015 _fподготовлен Обществом с ограниченной ответственностью "Экожилсервис", ФГБОУ ВПО "Пермский национальный исследовательский политехнический университет" |
|
| 205 |
_aИзд. офиц. _bИзд. (март 2017 г.) с Поправкой (ИУС 12-2016) |
||
| 210 |
_aМосква _cСтандартинформ _d2017 |
||
| 215 |
_aIV, 76 c. _cил., цв. ил. _d29 |
||
| 225 | 1 |
_aМежгосударственный стандарт _fМежгосударственный совет по стандартизации, метрологии и сертификации |
|
| 239 | _aВвед. 01.03.2017 | ||
| 320 | _aБиблиогр.: с. 75 (6 назв.) | ||
| 451 | 0 |
_1001RU\NLR\BIBL_A\011260115 _12001#$aСистема стандартов безопасности труда. Цвета сигнальные, знаки безопасности и разметка сигнальная: назначение и правила применения. Общие технические требования и характеристики. Методы испытаний _912210453 _cМосква _d2016 _eИзд. офиц. _fподготовлен Экожилсервис, ФГБОУ ВПО "Пермский национальный исследовательский политехнический университет" _iЦвета сигнальные, знаки безопасности и разметка сигнальная _lOccupational safety standards system. Safety colours, safety signs and signal marking. Purpose and rules of application. General technical requirements and characteristics. Test methods _nСтандартинформ _oНазначение и правила применения : Общие технические требования и характеристики : Методы испытаний : ГОСТ 12.4.026-2015 _pIV, 76 c. _tСистема стандартов безопасности труда |
|
| 510 | 1 |
_aОccupational safety standards system _zeng |
|
| 510 | 1 |
_aSafety colours, safety signs and signal marking. Purpose and rules of application. General technical requirements and characteristics. Tests methods _zeng |
|
| 517 | 1 | _aГОСТ 12.4.026-2015 | |
| 606 | 1 |
_aТехника безопасности _jСтандарты _xСигнальные цвета _91612108 _3RU\NLR\AUTH\661008872 |
|
| 606 | 1 |
_aТехника безопасности _jСтандарты _xПредупредительные знаки и плакаты _92313982 _3RU\NLR\AUTH\6601610127 |
|
| 610 | 0 | _aцвет послесвечения | |
| 610 | 0 | _aдлительность послесвечения | |
| 610 | 0 | _aяркостный контраст | |
| 610 | 0 | _aцветографическое изображение | |
| 610 | 0 | _aграфический символ | |
| 610 | 0 | _aпоясняющая надпись | |
| 675 | _a331.4:006.354 | ||
| 686 |
_a13.100 _v2000 _2МКС |
||
| 686 | 1 | _aЖ.н6я861 | |
| 712 | 0 | 2 |
_4725 _aМежгосударственный совет по стандартизации, метрологии и сертификации _9321571 _3RU\NLR\AUTH\8823529 |
| 712 | 0 | 2 |
_4900 _a"Экожилсервис", общество с ограниченной ответственностью _cМосква _9547865 _3RU\NLR\AUTH\880441948 |
| 712 | 0 | 2 |
_4900 _aПермский национальный исследовательский политехнический университет _9277853 _3RU\NLR\AUTH\8810194144 |
| 942 | _cBOOK | ||
| 980 | _aNBR | ||